False impression (Record no. 55542)

MARC details
000 -LEADER
fixed length control field 00777nam a2200265 a 4500
001 - CONTROL NUMBER
control field adlib96000001
003 - CONTROL NUMBER IDENTIFIER
control field ViArRB
005 - DATE AND TIME OF LATEST TRANSACTION
control field 200902210153555.7
008 - FIXED-LENGTH DATA ELEMENTS--GENERAL INFORMATION
fixed length control field 960221s1955 dcuabcdjdbkoqu001 0deng d
020 ## - INTERNATIONAL STANDARD BOOK NUMBER
International Standard Book Number 9780330418829
022 ## - INTERNATIONAL STANDARD SERIAL NUMBER
International Standard Serial Number
040 ## - CATALOGING SOURCE
Original cataloging agency Adlib
082 ## - DEWEY DECIMAL CLASSIFICATION NUMBER
Classification number F
100 ## - MAIN ENTRY--PERSONAL NAME
Personal name Archer, Jeffrey
Relator term
245 ## - TITLE STATEMENT
Title False impression
250 ## - EDITION STATEMENT
Edition statement
260 ## - PUBLICATION, DISTRIBUTION, ETC. (IMPRINT)
Place of publication, distribution, etc London
Name of publisher, distributor, etc Pan Books
Date of publication, distribution, etc 2006
300 ## - PHYSICAL DESCRIPTION
Extent 450p.
Dimensions
500 ## - GENERAL NOTE
General note
653 ## - INDEX TERM--UNCONTROLLED
Uncontrolled term Fiction- English literature
700 ## - ADDED ENTRY--PERSONAL NAME
Personal name
--
942 ## - ADDED ENTRY ELEMENTS (KOHA)
Koha item type Books
Holdings
Withdrawn status Lost status Source of classification or shelving scheme Damaged status Not for loan Home library Current library Date acquired Total Checkouts Total Renewals Full call number Barcode Date last seen Date checked out Price effective from Koha item type
    Universal Decimal Classification     University Library University Library 02/01/1980 20 2 F ARC/F 00054273 09/08/2017 26/07/2017 02/01/1980 Books
University Library, CUSAT